000 00488nam a2200181Ia 4500
005 20250326130644.0
008 250326s9999 xx 000 0 und d
037 _aTextbook
040 _aFMSL
_beng
_cFMSL
041 _aeng
_2eng
084 _aT48(k) P9
_qFMSL
100 _aPilgrim D
_9741064
245 0 _aKey concepts in mental health
_cPilgrim D
250 _a2
260 _aNew Delhi
_bNew Delhi, Sage
_c2009
942 _cTB
_hT48(k) P9
999 _c1283506
_d1283506